LEADER 00837naa a2200217 u 4500 001 000000103435 003 CaOOAMICUS 005 20070226130216.0 008 061116s1979 fr u000 u fre u 020 $a2082107116 035 $a11107049 040 $aIAR$bita 100 1 $aPuech, Henri-Charles,$d1902-1986.$0(OLS)http://pul/name/7029 245 10$aLiturgie et pratiques rituelles dans le manichéisme /$cHenri-Charles Puech. 260 $aParis :$bFlammarion,$c1979. 300 $ap. 235-394 ;$c22 cm 500 $aIAR: CCI.410 773 0 $aPuech, Henri-Charles.$tSur le manichéisme et autres essais$w()13283 996 $6020$a2082107116$9(OLS)http://pul/number/16994 996 $6245$aLiturgie et pratiques rituelles dans le manichéisme$9(OLS)http://pul/title/130340 996 $6260$aParis :$bFlammarion$9(OLS)http://pul/publisher/48204 LEADER 01235nam a2200289 a 4500 001 000000167757 003 CaOOAMICUS 005 20180521120143.0 008 180521n it u000 u ita r 032 $aLibriCat 040 $aPUL$bita 041 1 $aita$hlat 100 1 $aGiurisato, Giorgio,$d1939-$0(OLS)http://pul/name/41166 245 10$aAppunti per una scuola di preghiera /$cGiorgio Giurisato abate di Praglia; presentazione dell'Arcivescovo Filippo Franceschi Vescovo di Padova . 260 $aAbbazia di Praglia :$bEdizioni Scritti monastici,$c[s.d.] 300 $a98 p. ;$c21 cm. 490 1 $aScritti monastici ;$v07 500 $aComprende indici. 650 4$aPreghiera.$0(OLS)http://pul/subject/997 700 1 $aFranceschi, Filippo.$0(OLS)http://pul/name/40472 830 0$aScritti monastici ;$v07.$0(OLS)http://pul/title/14631 850 $aPUL 852 $aPUL$W1$xDP1 Fondo Dalla Palma$y117$m3 C 48$j115124$qFondi$B195408$CPULBib$Z2$F195408 $HDal1945 $81 941 1 $a1 996 $6245$aAppunti per una scuola di preghiera$9(OLS)http://pul/title/207875 996 $6260$aAbbazia di Praglia :$bEdizioni Scritti monastici$9(OLS)http://pul/publisher/53437